Adab berbual dan menghormati orang dewasa (Record no. 75182)

MARC details
000 -LEADER
fixed length control field 00831nam a2200277 i 4500
001 - CONTROL NUMBER
control field C2-0265686
003 - CONTROL NUMBER IDENTIFIER
control field PPAK
005 - DATE AND TIME OF LATEST TRANSACTION
control field 20180727233559.0
008 - FIXED-LENGTH DATA ELEMENTS--GENERAL INFORMATION
fixed length control field 050706s2005 my a|||| ||||| | may d
020 ## - INTERNATIONAL STANDARD BOOK NUMBER
International Standard Book Number 9839546783
040 ## - CATALOGING SOURCE
Original cataloging agency PPAK
Language of cataloging eng
Transcribing agency PPAK
Description conventions rda
082 04 - DEWEY DECIMAL CLASSIFICATION NUMBER
Classification number 370.114
Edition number 23
090 00 - LOCALLY ASSIGNED LC-TYPE CALL NUMBER (OCLC); LOCAL CALL NUMBER (RLIN)
Classification number (OCLC) (R) ; Classification number, CALL (RLIN) (NR) 370.114
Feature heading NOO
Feature heading K
100 0# - MAIN ENTRY--PERSONAL NAME
Personal name Noor Aishah Rosli,
Relator term author
245 10 - TITLE STATEMENT
Title Adab berbual dan menghormati orang dewasa
264 #1 - PRODUCTION, PUBLICATION, DISTRIBUTION, MANUFACTURE, AND COPYRIGHT NOTICE
Place of production, publication, distribution, manufacture Ipoh, Perak :
Name of producer, publisher, distributor, manufacturer Produksi Nur-Johan ,
Date of production, publication, distribution, manufacture, or copyright notice 2005
300 ## - PHYSICAL DESCRIPTION
Extent 16 pages :
Other physical details colour illustrations ;
Dimensions 29 cm
336 ## - CONTENT TYPE
Source rdacontent
Content type term text
337 ## - MEDIA TYPE
Source rdamedia
Media type term unmediated
338 ## - CARRIER TYPE
Source rdacarrier
Carrier type term volume
490 1# - SERIES STATEMENT
Series statement Siri memelihara adab dan tatasusila
500 ## - GENERAL NOTE
General note Buku 3
650 10 - SUBJECT ADDED ENTRY--TOPICAL TERM
Topical term or geographic name entry element Moral development. ; Moral education.
830 #0 - SERIES ADDED ENTRY--UNIFORM TITLE
Uniform title Siri memelihara adab dan tatasusila
942 ## - ADDED ENTRY ELEMENTS (KOHA)
-- dc
Koha item type Book
Holdings
Withdrawn Not for loan Current library Shelving location Date acquired Full call number Barcode Date last seen Koha item type Total Checkouts Date last checked out
    Perpustakaan Alor Setar Pinjaman Kanak-kanak 06/07/2005 K 370.114 NOO A01087590 09/05/2018 Book    
    Perpustakaan Alor Setar Pinjaman Kanak-kanak 06/07/2005 K 370.114 NOO A01087597 09/05/2018 Book    
    Perpustakaan Awam Sungai Petani Pinjaman Kanak-kanak 06/07/2005 K 370.114 NOO A01087591 09/05/2018 Book    
    Perpustakaan Bandar Baharu Pinjaman Kanak-kanak 06/07/2005 K 370.114 NOO A01087594 09/05/2018 Book    
    Perpustakaan Jitra Pinjaman Kanak-kanak 06/07/2005 K 370.114 NOO A01087592 18/04/2023 Book 1 28/03/2023
    Perpustakaan Sik Pinjaman Kanak-kanak 06/07/2005 K 370.114 NOO A01087595 09/05/2018 Book    
    Perpustakaan Yan Pinjaman Kanak-kanak 06/07/2005 K 370.114 NOO A01087593 09/05/2018 Book